Financial Development and Poverty Alleviation : Issues and Policy Implications for Developing and Transition Countries /

This paper reviews current thinking on the relationship between financial development and poverty alleviation-a subject that has grown increasingly important in the policy prescriptions of the IMF and other international financial institutions in recent years. Although work on this issue is far from...

詳細記述

書誌詳細
第一著者: Prokopenko, Vassili
その他の著者: Holden, Paul
フォーマット: 雑誌
言語:English
出版事項: Washington, D.C. : International Monetary Fund, 2001.
シリーズ:IMF Working Papers; Working Paper ; No. 2001/160
オンライン・アクセス:Full text available on IMF
LEADER 01620cas a2200253 a 4500
001 AALejournalIMF001737
008 230101c9999 xx r poo 0 0eng d
020 |c 5.00 USD 
020 |z 9781451857740 
022 |a 1018-5941 
040 |a BD-DhAAL  |c BD-DhAAL 
100 1 |a Prokopenko, Vassili. 
245 1 0 |a Financial Development and Poverty Alleviation :   |b Issues and Policy Implications for Developing and Transition Countries /  |c Vassili Prokopenko, Paul Holden. 
264 1 |a Washington, D.C. :  |b International Monetary Fund,  |c 2001. 
300 |a 1 online resource (40 pages) 
490 1 |a IMF Working Papers 
500 |a <strong>Off-Campus Access:</strong> No User ID or Password Required 
500 |a <strong>On-Campus Access:</strong> No User ID or Password Required 
506 |a Electronic access restricted to authorized BRAC University faculty, staff and students 
520 3 |a This paper reviews current thinking on the relationship between financial development and poverty alleviation-a subject that has grown increasingly important in the policy prescriptions of the IMF and other international financial institutions in recent years. Although work on this issue is far from over, some important lessons can be learned from the existing evidence. The paper reflects on these lessons and looks at some of the policy implications of the analysis. 
538 |a Mode of access: Internet 
700 1 |a Holden, Paul. 
830 0 |a IMF Working Papers; Working Paper ;  |v No. 2001/160 
856 4 0 |z Full text available on IMF  |u http://elibrary.imf.org/view/journals/001/2001/160/001.2001.issue-160-en.xml  |z IMF e-Library